A Multimodal Approach to Challenging Gender Stereotypes in Children's Picture Books (Record no. 92537)

MARC details
000 -LEADER
fixed length control field 01702namaa2200433uu 4500
001 - CONTROL NUMBER
control field doab72679
003 - CONTROL NUMBER IDENTIFIER
control field oapen
005 - DATE AND TIME OF LATEST TRANSACTION
control field 20260305123943.0
006 - FIXED-LENGTH DATA ELEMENTS--ADDITIONAL MATERIAL CHARACTERISTICS
fixed length control field m o d
007 - PHYSICAL DESCRIPTION FIXED FIELD--GENERAL INFORMATION
fixed length control field cr|mn|---annan
008 - FIXED-LENGTH DATA ELEMENTS--GENERAL INFORMATION
fixed length control field 211106s2022 xx |||||o ||| 0|eng d
020 ## - INTERNATIONAL STANDARD BOOK NUMBER
International Standard Book Number 9781003145875
020 ## - INTERNATIONAL STANDARD BOOK NUMBER
International Standard Book Number 9780367703592
020 ## - INTERNATIONAL STANDARD BOOK NUMBER
International Standard Book Number 9780367703615
020 ## - INTERNATIONAL STANDARD BOOK NUMBER
International Standard Book Number 9781003145875
024 7# - OTHER STANDARD IDENTIFIER
Standard number or code 10.4324/ 9781003145875
Source of number or code doi
040 ## - CATALOGING SOURCE
Original cataloging agency oapen
Transcribing agency oapen
041 0# - LANGUAGE CODE
Language code of text/sound track or separate title eng
042 ## - AUTHENTICATION CODE
Authentication code dc
072 #7 - SUBJECT CATEGORY CODE
Subject category code DSY
Source bicssc
245 00 - TITLE STATEMENT
Title A Multimodal Approach to Challenging Gender Stereotypes in Children's Picture Books
260 ## - PUBLICATION, DISTRIBUTION, ETC.
Name of publisher, distributor, etc. Taylor & Francis
Date of publication, distribution, etc. 2022
300 ## - PHYSICAL DESCRIPTION
Extent 1 online resource
336 ## - CONTENT TYPE
Content type term text
Content type code txt
Source rdacontent
337 ## - MEDIA TYPE
Media type term computer
Media type code c
Source rdamedia
338 ## - CARRIER TYPE
Carrier type term online resource
Carrier type code cr
Source rdacarrier
506 0# - RESTRICTIONS ON ACCESS NOTE
Terms governing access Free-to-read
Standardized terminology for access restriction Unrestricted online access
Source of term star
520 ## - SUMMARY, ETC.
Summary, etc. A Multimodal Approach to Challenging Gender Stereotypes in Children's Picture Books is a collection of research papers in the fields of multimodality and picture books. 1 The chapters broaden the previous analyses of this genre, carried out from content, psychological, literary and didactic points of view.
540 ## - TERMS GOVERNING USE AND REPRODUCTION NOTE
Terms governing use and reproduction All rights reserved
Uniform Resource Identifier <a href="http://oapen.org/content/about-rights">http://oapen.org/content/about-rights</a>
546 ## - LANGUAGE NOTE
Language note English
650 #7 - SUBJECT ADDED ENTRY--TOPICAL TERM
Topical term or geographic name entry element Children's & teenage literature studies
Source of heading or term bicssc
653 ## - INDEX TERM--UNCONTROLLED
Uncontrolled term Children's books
720 1# - ADDED ENTRY--UNCONTROLLED NAME
Name Moya- Guijarro, A. Jesús
Relationship edt
720 1# - ADDED ENTRY--UNCONTROLLED NAME
Name Moya- Guijarro, A. Jesús
Relationship oth
720 1# - ADDED ENTRY--UNCONTROLLED NAME
Name Ventola, Eija
Relationship edt
720 1# - ADDED ENTRY--UNCONTROLLED NAME
Name Ventola, Eija
Relationship oth
793 0# -
-- DOAB Library.
856 40 - ELECTRONIC LOCATION AND ACCESS
Uniform Resource Identifier <a href="https://directory.doabooks.org/handle/20.500.12854/72679">https://directory.doabooks.org/handle/20.500.12854/72679</a>
Access status 0
Public note Free-to-read: DOAB: description of the publication

No items available.

Powered by Koha